000 02171nam a22002297a 4500
999 _c58066
_d58066
003 Ge_BSU
005 20210604133243.0
008 210604s2018 ge ||||| |||| 00| 0 geo d
041 _ageo
080 _a53 მ-43
100 _aმახარაძე, კახა
_911962
245 _aმრავალჯერად გაბნეული ელექტრომაგნიტური ტალღების სტატისტიკური მახასიათებლების შესწავლა ტროპოსფეროს სიმაღლეზე /
_cკახა მახარაძე; სამეცნიერო ხელმძღვანელი ნუგზარ ღომიძე; ბათუმის შოთა რუსთაველის სახელმწიფო უნივერსიტეტი. ფიზიკა მათემატიკისა და კომპიუტერულ მეცნიერებატა ფაკულტეტი. ფიზიკის დეპარტამენტი.
264 _aბათუმი,
_c2018.
300 _a122 გვ.
_b30 სმ.
504 _aბიბლიოგრ. გვ.117-122
653 _aმრავალჯერად გაბნეული ელექტრომაგნიტური ტალღების სტატისტიკური მახასიათებლების შესწავლა ტროპოსფეროს სიმაღლეზე
653 _aფიზიკა
653 _aდისერტაცია
700 _aღომიძე, ნუგზარ
_eსამეცნიერო ხელმძღვანელი
_91751
710 _aბათუმის შოთა რუსთაველის სახელმწიფო უნივერსიტეტი.
_b ფიზიკა მათემატიკისა და კომპიუტერულ მეცნიერებატა ფაკულტეტი. ფიზიკის დეპარტამენტი.
_911963
942 _2udc
_cBK